| 000 | 00675nam a2200193 a 4500 | ||
|---|---|---|---|
| 001 | 000040665 | ||
| 005 | 20201002034305.0 | ||
| 008 | 130905s2008 sp a 001 0 spa d | ||
| 020 | _a9788428208062 | ||
| 040 |
_aDO-SdBNP _bspa _cBNPHU |
||
| 082 |
_axxx _bxxx |
||
| 100 | 1 |
_aLacroux, Jean _967030 |
|
| 245 | 1 | 0 |
_aIniciación a la Astronomía : _bUn viaje hasta los confines del Universo conocido. / _cJean Lacroux; ilustraciones Vincent Chaix; traducción Rosa M. Ferrer. |
| 260 |
_aBarcelona, : _bOmega, _c2008. |
||
| 300 |
_a196 p. : _bil. ; _c19 cm. |
||
| 504 | _aBibliografía p: 189-192 | ||
| 700 | 1 |
_aChaix, Vincent _eil. _967031 |
|
| 700 | 1 |
_aFerrer, Rosa M. _etrad. _967032 |
|
| 999 |
_c40155 _d40155 |
||